Najlepsi strzelcy La Ligi! - Statystyki

Ogólne statystyki
  • Ten quiz został rozwiązany 366 razy
  • Średni wynik to 12 z 50
Statystyki odpowiedzi
Ilość bramek Narodowość Zawodnik % Poprawnych
467 Argentyna Messi
100%
311 Portugalia Ronaldo
99%
117 Brazylia Ronaldo
99%
163 Urugwaj Suarez
86%
187 Francja Benzema
76%
229 Hiszpania Raul
73%
156 Węgry Puskas
69%
234 Meksyk Sanchez
63%
162 Kamerun Etoo
54%
227 Hiszpania Di Stefano
53%
185 Hiszpania Villa
52%
103 Hiszpania Torres
42%
151 Francja Griezmann
41%
128 Urugwaj Forlan
39%
106 Brazylia Rivaldo
31%
114 Chorwacja Suker
31%
123 Hiszpania Butragueno
27%
122 Hiszpania Morientes
27%
113 Hiszpania Aspas
17%
107 Argentyna Higuain
17%
158 Hiszpania Aduriz
13%
128 Hiszpania Gento
10%
105 Hiszpania Hierro
10%
251 Hiszpania Zarra
9%
221 Hiszpania Rodriguez
8%
101 Hiszpania Garcia
7%
123 Hiszpania Soldado
7%
98 Chile Zamorano
6%
102 Hiszpania Enrique
4%
186 Hiszpania Santillana
4%
118 Hiszpania Negredo
3%
219 Hiszpania Quini
3%
152 Hiszpania Salinas
3%
139 Hiszpania Bakero
2%
130 Hiszpania Gorostiza
2%
105 Bośnia i Hercegowina Kodro
2%
100 Holandia Makaay
2%
214 Hiszpania Pahino
2%
124 Hiszpania Pirri
2%
146 Hiszpania Tamudo
2%
130 Hiszpania Urzaiz
2%
118 Hiszpania Amancio
1%
106 Hiszpania Epi
1%
109 Hiszpania Gainza
1%
100 Hiszpania Igoa
1%
196 Hiszpania Mundo
1%
132 Hiszpania Panizo
1%
104 Bułgaria Penev
1%
132 Hiszpania Satrustegui
1%
111 Hiszpania Ufarte
0%
Nie znaleziono quizów pasujących do podanych kryteriów
Rozkład punktacji
Procent ludzi z każdym wynikiem
Percentyl według liczby udzielonych odpowiedzi
Twoja historia wyników
Nie rozwiązałeś tego quizu